|
|
|
|
| LEADER |
00568nam a22001697a 4500 |
| 008 |
130618b xxu||||| |||| 00| 0 eng d |
| 999 |
|
|
|c 10
|d 10
|
| 020 |
|
|
|a 9788178357188
|
| 082 |
|
|
|a 294.501
|
| 100 |
|
|
|a Verma, Rajeev
|
| 245 |
|
|
|a Faith and philosophy of Hinduism /
|c Rajeev Verma
|
| 260 |
|
|
|a Delhi :
|b Kalpaz Publications,
|c 2009.
|
| 300 |
|
|
|a 333p.
|
| 650 |
|
|
|a Hinduism
|
| 650 |
|
|
|a Religious philosophy
|
| 942 |
|
|
|2 ddc
|c BK
|
| 952 |
|
|
|0 0
|1 0
|2 ddc
|4 0
|6 294_501000000000000_VER
|7 0
|9 9
|a MAIN
|b MAIN
|d 2013-06-18
|g 675.00
|l 1
|o 294.501 VER
|p 109
|r 2017-03-20
|s 2017-03-01
|t 1
|w 2013-06-18
|y BK
|